The neolithic revolution
Guardat en:
| Autor principal: | |
|---|---|
| Format: | Llibre |
| Idioma: | anglès |
| Publicat: |
Londres
Trustees of the British Museum
1959
|
| Matèries: | |
| Etiquetes: |
Afegir etiqueta
Sense etiquetes, Sigues el primer a etiquetar aquest registre!
|
MARC
| LEADER | 00000nam a2200000 a 4500 | ||
|---|---|---|---|
| 001 | UCP7491 | ||
| 003 | CL-VaPUC | ||
| 008 | 991217e19590000UK |||||||||||||||||eng|d | ||
| 082 | 0 | 4 | |a 571 |b COL |2 21 |
| 100 | 0 | |a Cole, Sonia |e author |9 436883 | |
| 245 | 1 | 4 | |a The neolithic revolution |
| 300 | |a 60 p | ||
| 942 | |c BK | ||
| 945 | |d 19991217 00:00:00 |a rherrera | ||
| 260 | |a Londres |b Trustees of the British Museum |c 1959 | ||
| 650 | 0 | |a Prehistoria |9 316557 | |
| 650 | 0 | |a Evolución humana |9 266935 | |
| 583 | |a last modification |c 19991217 00:00:00 |k Rodrigo Vera | ||
| 999 | |c 284618 |d 284616 | ||
| 952 | |0 0 |1 0 |4 0 |6 571_000000000000000_COL_1959 |7 0 |8 A |9 328762 |a BIBHIS |b BIBHIS |d 2019-11-20 |i 1378120 |o 571 COL 1959 |p 1378120 |r 2025-01-20 |w 2019-11-20 |y BK |k HIS | ||